000 01769nam a2200301 4500
001 35
003 OSt
005 20250207101740.0
008 250121b |||||||g |||| 00| 1 eng d
040 _bpor
041 _heng
_apor
082 _a813
_bB118i
100 1 _aBach, Richard,
_d1936-
_999
240 _aIllusions
245 _aIlusões /
_cBach, Richard ; Tradução de Luzia Machado da Costa
250 _a7° edição
260 _aRio de Janeiro
_bRecord
_c1977
300 _a156 p.
520 _aOs milhões de leitores das aventuras de Fernão Capelo Gaivota encontram novas palavras de inspiração, além de momentos da mais prazerosa leitura, em Ilusões, um dos maiores sucessos de Richard Bach, que, há quase três décadas, vem motivando pessoas em todo o mundo com a emocionante história do encontro com um messias moderno. Neste livro que se segue a Fernão Capelo Gaivota, Richard nos transporta na cabine de um biplano até um lugar onde conhece Donald Shimoda, ex-mecânico que faz as ferramentas voarem, a imaginação do autor viajar e os leitores viverem uma vida muito mais feliz e completa. Autor consagrado e piloto apaixonado por aviões, Bach – que sintetizou nas aventuras da mais famosa das gaivotas os sentimentos, as ambições, os medos e os objetivos de toda uma geração – reflete sobre a condição humana, sobre seus anseios e mistérios em uma história inesquecível, que mudou, para melhor, a vida de milhões de pessoas em todo o mundo.
650 0 _aLiteratura Americana
_984
650 0 _aEspiritualidade
_916
650 0 _aReligião
_9100
650 0 _aAuto Conhecimento
_919
650 0 _aFilosofia
_94
655 0 _aNão Ficção
_9102
700 _aLuzia Machado da Costa
_eTradutor
_9103
942 _2ddc
_n0
_cBK
999 _c35
_d35